000 00911nas a2200289 4500
001 BR2010004630
003 BR-BrBNA
005 20231205114257.0
007 ta
008 230509b bl.|||p| |||| 00| 00por d
040 _aBR-BrBNA
_bpor
_cBiblioteca Nacional de Agricultura
041 _a(Pt)
072 _aF03
100 1 _aAzambuja, N.
100 1 _aHoffmann, C.E.F.
100 1 _aNeves, L.A.S. das
100 1 _aGoulart, E.P.L.
245 1 _aPotencial alelopático de Plectranthus barbatus Andrews na germinação de sementes de Lactuca sativa L. e de Bidens pilosa L.
650 _aALFACE
650 _aPICÃO PRETO
650 _aSEMENTE
650 _aGERMINAÇÃO
650 _aALELOPATIA
773 0 _tRevista de Ciências Agroveterinárias (Brazil)
_xISSN 1676-9732
_g(Jan-Jun 2010), v. 9(1) p. 66-73
_wBR2010004630
909 _a202311
_bLúcia
_c55
_dLúcia Elande
942 _2AGRIS
_n0
_cANA
999 _c207985
_d207985